| 000 | 00374 a2200121 4500 | ||
|---|---|---|---|
| 020 | _a0-385-33384-6 | ||
| 040 |
_aDLC _bDLC |
||
| 100 | 1 | _aVonnegut, Kurt, | |
| 245 | 1 | 0 |
_aSlaughterhouse-five or The children's crusade: a duty dance with death _ba duty dance with death _cKurt Vonnegut |
| 260 |
_aNew York : _bDial Press, _c2005 |
||
| 300 | _a275 s. | ||
| 942 |
_cBK _k813.54 VON _2ddc |
||
| 999 |
_c5258 _d5258 |
||